| 000 | 00725nam a2200241 i 4500 | ||
|---|---|---|---|
| 001 | 133035 | ||
| 003 | ES-MaACL | ||
| 005 | 20250901043409.0 | ||
| 007 | t| | ||
| 008 | 070214s1984 sp r ||||1| spa d | ||
| 020 | _a84-505-0746-4 | ||
| 080 | _a396(460):34(026) | ||
| 100 | 1 |
_aRuano Rodríguez, Lucía. _9100272 |
|
| 245 | 1 | 0 |
_aGuía de los derechos de la mujer, 1984 / _cLucía Ruano Rodríguez. |
| 260 |
_aMadrid : _bInstituto de la Mujer, _c1984. |
||
| 300 |
_a120 p. ; _c22 cm. |
||
| 490 | 1 |
_aSerie guías ; _v1 |
|
| 650 | 4 |
_aMujeres- _xDerechos _915263 |
|
| 710 | 2 |
_aInstituto de la Mujer (España) _94980 |
|
| 830 | 1 |
_aSerie guías ; _v1 _9219696 |
|
| 852 | 4 |
_aES-MaACL _jL-8713 |
|
| 999 |
_c133035 _d133035 |
||